000 00635nam a2200241Ia 4500
003 OSt
005 20221007064541.0
006 a|||||r|||| 00| 0
007 ta
008 221006b |||||||| |||| 00| 0 eng d
024 _a12,262
037 _cTextual
040 _aFLL
_cFLL
_beng
041 _2eng
_aeng
082 _aV2:28:(Z2:881), L0
100 _aGujral K.K.
_9685551
245 0 _aSupreme court on public servants
250 _a2nd
260 _aDelhi
_bGujral Law House India
_c1970
300 _a360p
_ccm.
942 _hV2:28:(Z2:881), L0
_cTEXL
_2CC
999 _c1134442
_d1134442